¿QUE ES LA REFORMA POLITICA?: LA PRUEBA ELECTORAL DEL 79/
INCLUYE BIBLIOGRAFIA
Uloženo v:
| Hlavní autor: | |
|---|---|
| Médium: | Kniha |
| Edice: | BIBLIOTECA DEL ESTUDIANTE UNIVERSITARIO;
112 |
| Témata: | |
| Tagy: |
Žádné tagy, Buďte první, kdo vytvoří štítek k tomuto záznamu!
|
MARC
| LEADER | 00000nam^a2200000^a^4500 | ||
|---|---|---|---|
| 001 | 000224996 | ||
| 005 | 20250521000000.0 | ||
| 009 | 20260310104111.151 | ||
| 020 | |a 968-58-2942-X | ||
| 035 | |a 043893 | ||
| 037 | |a Acervo Xavier Clavigero | ||
| 082 | |a 320. 972 LOP | ||
| 100 | |a López Moreno, Javier |e (autor) | ||
| 245 | 1 | 0 | |a ¿QUE ES LA REFORMA POLITICA?: |b LA PRUEBA ELECTORAL DEL 79/ |c JAVIER LOPEZ MORENO |
| 264 | |a México : |b UNAM, |c 1957 | ||
| 300 | |a 209p. | ||
| 336 | |a texto |b txt |2 rdacontenido | ||
| 337 | |a sin mediación |b n |2 rdamedio | ||
| 338 | |a volumen |b nc |2 rdasoporte | ||
| 440 | |a BIBLIOTECA DEL ESTUDIANTE UNIVERSITARIO; |v 112 | ||
| 520 | |a INCLUYE BIBLIOGRAFIA | ||
| 649 | |a XX | ||
| 650 | |a Política - |z México - |x Historia - |y 1970-1979 | ||
| 650 | |a Elecciones - |z México | ||
| 650 | |a Partidos Políticos - |z México | ||
| 910 | |a Fondo General | ||
| 920 | |a Impresos - Libros | ||
| 930 | |a Colección General | ||
| 905 | |a 101 | ||
| 901 | |a 043893 |b IT1 |c ACC |i 043893 |u 20250521 | ||
| 902 | |a https://opac.biblio.iteso.mx/vufind/Record/000224996 | ||